LIBRARY ONLINE CATALOGUE

An interpretive lexicon of New Testament Greek : (Record no. 20060)

MARC details
000 -LEADER
fixed length control field 01359cam a2200373 i 4500
001 - CONTROL NUMBER
control field 18220192
003 - CONTROL NUMBER IDENTIFIER
control field OSt
005 - DATE AND TIME OF LATEST TRANSACTION
control field 20230315102201.0
008 - FIXED-LENGTH DATA ELEMENTS--GENERAL INFORMATION
fixed length control field 140710s2014 miu b 000 0 eng
010 ## - LIBRARY OF CONGRESS CONTROL NUMBER
LC control number 2014018414
020 ## - INTERNATIONAL STANDARD BOOK NUMBER
International Standard Book Number 9780310494119
040 ## - CATALOGING SOURCE
Original cataloging agency DLC
Language of cataloging eng
Transcribing agency DLC
Description conventions rda
Modifying agency DLC
041 0# - LANGUAGE CODE
Language code of text/sound track or separate title grceng
042 ## - AUTHENTICATION CODE
Authentication code pcc
050 00 - LIBRARY OF CONGRESS CALL NUMBER
Classification number PA817
Item number .B43 2014
082 00 - DEWEY DECIMAL CLASSIFICATION NUMBER
Classification number 487/.4
Edition number 23
100 1# - MAIN ENTRY--PERSONAL NAME
Personal name Beale, G. K.
Fuller form of name (Gregory K.),
245 13 - TITLE STATEMENT
Title An interpretive lexicon of New Testament Greek :
Remainder of title analysis of prepositions, adverbs, particles, relative pronouns, and conjunctions /
Statement of responsibility, etc. G. K. Beale, Daniel J. Brendsel, & William A. Ross.
264 #1 - PRODUCTION, PUBLICATION, DISTRIBUTION, MANUFACTURE, AND COPYRIGHT NOTICE
Place of production, publication, distribution, manufacture Grand Rapids, Michigan :
Name of producer, publisher, distributor, manufacturer Zondervan,
Date of production, publication, distribution, manufacture, or copyright notice 2014
300 ## - PHYSICAL DESCRIPTION
Extent 96 p ;
336 ## - CONTENT TYPE
Content type term text
Content type code txt
Source rdacontent
337 ## - MEDIA TYPE
Media type term unmediated
Media type code n
Source rdamedia
338 ## - CARRIER TYPE
Carrier type term volume
Carrier type code nc
Source rdacarrier
504 ## - BIBLIOGRAPHY, ETC. NOTE
Bibliography, etc Includes bibliographical references.
630 00 - SUBJECT ADDED ENTRY--UNIFORM TITLE
Uniform title Bible.
Name of part/section of a work New Testament
General subdivision Language, style.
650 #0 - SUBJECT ADDED ENTRY--TOPICAL TERM
Topical term or geographic name as entry element Greek language, Biblical
General subdivision Grammar.
650 #0 - SUBJECT ADDED ENTRY--TOPICAL TERM
Topical term or geographic name as entry element Greek language
General subdivision Grammar.
650 #0 - SUBJECT ADDED ENTRY--TOPICAL TERM
Topical term or geographic name as entry element Greek language, Biblical
General subdivision Grammar.
700 1# - ADDED ENTRY--PERSONAL NAME
Personal name Ross, William A,
Dates associated with a name 1987-
Relator term editor.
700 1# - ADDED ENTRY--PERSONAL NAME
Personal name Brendsel, Daniel J.,
Dates associated with a name 1980-
Relator term editor.
906 ## - LOCAL DATA ELEMENT F, LDF (RLIN)
a 7
b cbc
c orignew
d 1
e ecip
f 20
g y-gencatlg
942 ## - ADDED ENTRY ELEMENTS (KOHA)
Source of classification or shelving scheme Library of Congress Classification
Koha item type General Collection
Holdings
Withdrawn status Lost status Source of classification or shelving scheme Not for loan Home library Current library Date acquired Cost, normal purchase price Total Checkouts Full call number Barcode Date last seen Price effective from Koha item type
    Library of Congress Classification   Kabarak, Main Campus Kabarak, Main Campus 15/03/2023 1300.00   PA817 .B43 2014 c.1 031767 15/03/2023 15/03/2023 General Collection